| 000 | 00414nam a22001697a 4500 | ||
|---|---|---|---|
| 005 | 20180201114539.0 | ||
| 008 | 160622b xxu||||| |||| 00| 0 eng d | ||
| 020 | _a81-203-1186-8 | ||
| 041 | _aeng | ||
| 082 |
_b9003 _a004 |
||
| 100 |
_aDastidar, D. Ghosh and others _92500 |
||
| 245 | _aComputers and Computation | ||
| 260 |
_bPHI _c1997 |
||
| 300 | _a198 | ||
| 650 |
_ainformation Technology _9137 |
||
| 942 | _cBK | ||
| 999 |
_c3555 _d3554 |
||